Statystyki dla Ile wiesz o Koledze Ignacym? ( Dla Ignacego )

Kliknij tutaj aby rozwiązać quiz!

Ogólne statystyki

  • Ten quiz został rozwiązany 575 razy
  • Średni wynik to 6 z 15

Statystyki odpowiedzi

PytanieOdpowiedź% Poprawnych
Jaką nazwę nosi kanał prowadzony przez niego i Mandzia?Mniej Więcej
87%
W którym roku wystartował jego kanał?2011
76%
W którym roku został wrzucony 1 film na kanał Kolega Ignacy?2014
74%
Jak na nazwisko ma Ignacy?Łukowski
74%
Z kim wygrał bańkę w milionerach?Gimper
69%
W którym roku na świat przyszedł Kolega Ignacy/Strategacy1991
51%
Jak ma na imię dziecko Ignacego?Konstanty
31%
Jak ma na imię jego żona?Dominika
30%
W jakim teledysku wystąpił Ignacy wraz z Gimperem?Mój Przyjaciel, Grubas 2
28%
Ile subskrypcji na ten moment ma Ignacy? ( w tysiącach )371
19%
W jaką grę grał w swoim 1 filmie?Heroes III
17%
Jaką nazwę nosi jego Snapchat?Kolignacy
15%
Jaką nazwę nosi gra w którą grał wraz z TheNitroZyniakiem?Hearts of Iron IV
10%
Ile filmów jest na kanale Kolega Ignacy?1897
6%
Ile wyświetleń ma jego najpopularniejszy film? ( w tysiącach)690
6%

Rozkład punktacji

Percentyl według liczby udzielonych odpowiedzi

Procent ludzi z każdym wynikiem

Twoja historia wyników

Nie rozwiązałeś tego quizu